Τι πιστεύω

Saved in:
Bibliographic Details
Main Author: Russell, Bertrand, 1872-1970
Other Authors: Γιάκος, Δημήτριος Κ., 1914- (Editor), Πρωτόπαπας, Σέργιος (Translator)
Format: Book
Language:Greek
English
Published: Αθήναι : Γιάννης Δ. Αρσενίδης, 1963.
Subjects:
Tags: Add Tag
No Tags, Be the first to tag this record!

MARC

LEADER 00000cam a2200000 i 4500
001 1/21132
008 051222s1963 gr | ||| |||| ||gre||
035 |l 10081795 
040 |a GR-MyUA  |b gre  |e AACR2 
041 1 |a gre  |h eng 
082 7 |a 211   |2 (22) 
100 1 |a Russell, Bertrand,   |d 1872-1970. 
245 1 0 |a Τι πιστεύω /   |c Μπερτράντ Ράσσελ ; μετάφραση Σ. Πρωτόπαπα ; (επιμελητής εκδόσεως Δημήτρης Γιάκος).  
260 |a Αθήναι :   |b Γιάννης Δ. Αρσενίδης,   |c 1963.  
300 |a 583 σ. ;   |c 22 εκ.  
650 0 |a Free thought. 
650 0 |a Christianity  |x Controversial literature. 
700 1 |a Γιάκος, Δημήτριος Κ.,   |d 1914-  |e edt 
700 1 |a Πρωτόπαπας, Σέργιος,  |e trl 
765 0 8 |i Μετάφραση του:   |t Why i am not a christian :  
852 |a INST  |b RHODES  |c KRI  |e 20051222  |h  211 RUS  |p 005400028145  |q 005400028145  |t BK  |y 0 
901 |a BIBL4-2005-3 
970 |a ΚΟΖΑ  |b ΜΑΡΙΑ  |z 2005/12/22